000 00636nam a2200241Ia 4500
003 OSt
005 20220918191156.0
006 a|||||r|||| 00| 0
007 ta
008 220917b |||||||| |||| 00| 0 eng d
024 _a61,874
037 _cTextual
040 _aARTS
_cARTS
_beng
041 _2eng
_aeng
082 _aQ6:332y7D, G1 (ER)
100 _aSchweitzer Albert
245 0 _aMysticism of Paul the Apostle
250 _a2nd
260 _aLondon
_bAdam and Charles Black
_c1967
650 _aRELIGION
942 _hQ6:332y7D, G1 (ER)
_cTEXL
_2CC
999 _c188641
_d188641